| 000 | 00590nam a22002177a 4500 | ||
|---|---|---|---|
| 003 | OSt | ||
| 005 | 20160419184440.0 | ||
| 008 | 160419b xxu||||| |||| 00| 0 eng d | ||
| 020 | _a9780723434276 | ||
| 040 | _cDNLM | ||
| 082 | _aWK100 492e 2007 | ||
| 100 |
_aFinlayson, Alexander _98109 |
||
| 245 | _aCrash course in Endocrine and Reproductive systms | ||
| 250 | _a3rd ed. | ||
| 260 | _aEdinburgh; Mosby, 2007 | ||
| 300 | _axii,289p; col.ill: 25cm | ||
| 504 | _aAnswers, & index included | ||
| 650 |
_aEndocrine _98110 |
||
| 650 |
_aReproductive systems _98111 |
||
| 942 |
_2z _cO_SHELF |
||
| 999 |
_c3643 _d3643 |
||